Keynesianismen - Statistics

General Stats
  • This quiz has been taken 49 times
  • The average score is 9 of 12
Answer Stats
Hint Answer % Correct
Enligt keynesianismen, vad måste befolkningen göra så fort dom får sin lön? Konsumera
100%
Vad kallas begreppet som går upp på att sätta hälften av alla människor i arbete för att uppnå 100% minskad arbetslöshet? Multiplikatoreffekten
100%
Under vilket årtionde grundas Keynesianismen? 1930-talet
83%
Vad är fullständigt namn på personen som grundade Keynesianismen? John Maynard Keynes
83%
Vad kallas kurvan som visar på förhållandet mellan arbetslöshet och inflation? Phillipskurvan
83%
Vad bör arbetarna inte göra med sin lön enligt Keynesianismen? Spara
83%
Vad skapar välstånd enligt Keynesianismen? Arbete
67%
Vad anser Keynesianismen är störst problem i ett samhälle? Arbetslöshet
67%
Vad får keynesianismen som konsekvens? (Negativt) Inflation och hög statsskuld
67%
Vilket svensktpartis ekonomiska politik liknar keynesiansk mest? Socialdemokraternas
67%
Vad kallas konceptet där lönerna och priserna ökar kontinuerligt? Löneprisspiral
33%
Vad inom förstavärldskrigets fredsfördrag kritiserade Keynes? Krigsskadeståndet
17%
No matching quizzes found
Score Distribution
Percent of People with Each Score
Percentile by Number Answered
Your Score History
You have not taken this quiz